[Event "Vaitonis mem."]
[Site "Toronto CAN"]
[Date "2003.05.17"]
[Round "?"]
[White "Veltmann, Martin"]
[Black "Sherman, Robert"]
[Result "0-1"]
[WhiteElo "2075"]
[BlackElo "1916"]
[PlyCount "86"]
[EventDate "2003.05.17"]
[EventType "swiss"]
[EventRounds "5"]
[EventCountry "CAN"]

1. c4 Nf6 2. Nc3 g6 3. Nf3 Bg7 4. g3 O-O 5. Bg2 d6 6. O-O e5 7. d3 Nc6 8. Rb1
Ne7 9. b4 Nd7 10. b5 f5 11. Ne1 f4 12. Nc2 Nf5 13. Nd5 fxg3 14. hxg3 Nb6 15.
Nce3 Nd4 16. Bb2 Ne6 17. a4 Nd7 18. Nb4 Ndc5 19. a5 Ng5 20. Kh2 a6 21. bxa6
Nxa6 22. Nbd5 Ne6 23. Bc3 Qg5 24. Bd2 Qh5+ 25. Kg1 Nd4 26. Nc3 c6 27. f3 Nc5
28. Kf2 Rxa5 29. Nb5 Ra2 30. Nxd6 g5 31. Nxc8 Rxc8 32. Rh1 Qg6 33. Ra1 Rca8 34.
Rxa2 Rxa2 35. Bf1 Ndb3 36. Nc2 e4 37. Bb4 exd3 38. exd3 Qf6 39. Bxc5 Nxc5 40.
Be2 Qb2 41. Ne3 Ra1 42. Qxa1 Nxd3+ 43. Kg2 Qxe2+ 0-1

[Event "Vaitonis mem."]
[Site "Toronto CAN"]
[Date "2003.05.17"]
[Round "?"]
[White "Veltmann, Martin"]
[Black "Demmery, Steve"]
[Result "0-1"]
[WhiteElo "2075"]
[BlackElo "2168"]
[Annotator ",Hugh"]
[PlyCount "96"]
[EventDate "2003.05.17"]
[EventType "swiss"]
[EventRounds "5"]
[EventCountry "CAN"]

1. c4 e5 2. Nc3 d6 3. g3 g6 4. Bg2 Bg7 5. Nf3 c5 6. O-O Nc6 7. d3 Nge7 8. Nd5
Be6 9. Nxe7 Qxe7 10. Ng5 Bd7 11. Ne4 O-O 12. Nc3 Bg4 13. Nd5 Qd7 14. Rb1 Rab8
15. a3 Bh3 16. b4 Bxg2 17. Kxg2 b6 18. e4 Nd4 19. Be3 Ne6 20. f3 f5 21. bxc5
dxc5 22. Qd2 Rf7 23. Bg1 Rbf8 24. Ra1 h5 25. exf5 Rxf5 26. h4 g5 27. hxg5 Nxg5
28. Qe3 Nxf3 29. Qe4 Kh8 30. Be3 Nd4 31. Rh1 Qf7 32. Bxd4 cxd4 33. Ra2 Bh6 34.
Qe2 Rg8 35. Rh3 Rg4 36. Ra1 Qg7 37. Kh2 Rfg5 38. Qf3 h4 39. Nf6 Qf8 40. Qxg4
Rxg4 41. Nxg4 Bg5 42. Ra2 Qf5 43. Nf2 Kg7 44. Ne4 Be3 45. Rg2 Kf8 46. gxh4 Qf1
47. h5 Qxd3 48. h6 Qxe4 {Time?} 0-1

[Event "Vancouver Region CC grade 12"]
[Site "Burnaby CAN"]
[Date "2003.03.30"]
[Round "3"]
[White "Lushchenko, Alexey"]
[Black "Atkinson, Gavin"]
[Result "1-0"]
[WhiteElo "1724"]
[BlackElo "1747"]
[PlyCount "75"]
[EventDate "2003.03.30"]
[EventType "tourn"]
[EventRounds "5"]
[EventCountry "CAN"]

1. e4 e6 2. d4 d5 3. Nd2 c5 4. c3 Nc6 5. Ngf3 Qb6 6. dxc5 Bxc5 7. Qe2 Nge7 8.
b4 Bd6 9. e5 Bb8 10. b5 Na5 11. c4 O-O 12. Ba3 Re8 13. c5 Qc7 14. g4 Ng6 15.
Bb2 Qxc5 16. Rc1 Qe7 17. h4 a6 18. b6 Nc6 19. h5 Nf8 20. g5 Qb4 21. Bc3 Qxb6
22. g6 fxg6 23. hxg6 hxg6 24. Ng5 Ba7 25. Qf3 Qxf2+ 26. Qxf2 Bxf2+ 27. Kxf2 Nd7
28. Ndf3 d4 29. Nxd4 Ndxe5 30. Nxc6 Nxc6 31. Bd3 e5 32. Rh4 Bf5 33. Rch1 Kf8
34. Bc4 b5 35. Bd5 Bd7 36. Bxc6 Bxc6 37. Bb4+ Re7 38. Rh8# 1-0

[Event "Victoria Summer Quad"]
[Site "Victoria CAN"]
[Date "2003.07.11"]
[Round "1.1"]
[White "Aquino, Manfrei"]
[Black "Kostadinov, Georgi"]
[Result "0-1"]
[WhiteElo "1993"]
[BlackElo "2202"]
[PlyCount "90"]
[EventDate "2003.07.11"]
[EventType "tourn"]
[EventRounds "6"]
[EventCountry "CAN"]

1. d4 d6 2. e4 Nd7 3. f4 c6 4. Nf3 Ngf6 5. e5 Nd5 6. c4 N5b6 7. Nc3 g6 8. Ng5
h6 9. Nge4 Bg7 10. exd6 O-O 11. Be3 exd6 12. Qd2 Nf6 13. Nxf6+ Qxf6 14. Bd3 Bf5
15. O-O Qe6 16. Bxf5 Qxf5 17. b3 Rfe8 18. Rae1 d5 19. c5 Nd7 20. Ne2 Qe6 21.
Ng3 f5 22. Bf2 Qf7 23. h3 Nf6 24. Kh1 h5 25. h4 Ng4 26. Rxe8+ Rxe8 27. Ne2 Qe7
28. Ng1 Nxf2+ 29. Qxf2 Qe3 30. Qxe3 Rxe3 31. Rd1 Re4 32. Nf3 Rxf4 33. Kg1 Bf6
34. Kf2 Re4 35. b4 a6 36. Rd3 Kf7 37. g3 f4 38. a4 Ke6 39. Rd2 Kf5 40. gxf4
Kxf4 41. b5 axb5 42. axb5 Re3 43. Ng5 Bxg5 44. hxg5 Re4 45. bxc6 bxc6 0-1

[Event "Victoria Summer Quad"]
[Site "Victoria CAN"]
[Date "2003.07.11"]
[Round "1.2"]
[White "Leblanc, Paul"]
[Black "Moore, Harry"]
[Result "0-1"]
[WhiteElo "1999"]
[BlackElo "2278"]
[PlyCount "66"]
[EventDate "2003.07.11"]
[EventType "tourn"]
[EventRounds "6"]
[EventCountry "CAN"]

1. d4 b6 2. Bf4 Ba6 3. Nd2 Nf6 4. c4 e6 5. Ngf3 Bb4 6. a3 Bxd2+ 7. Nxd2 O-O 8.
Bg5 d5 9. e3 c5 10. dxc5 bxc5 11. Be2 Nbd7 12. O-O Qb6 13. Rb1 Qc7 14. Qa4 Bb7
15. Bf3 a5 16. Rbc1 Ne4 17. Bxe4 dxe4 18. Bf4 e5 19. Bg3 f5 20. f4 exf3 21.
Nxf3 f4 22. exf4 exf4 23. Bh4 Ne5 24. Rcd1 Nxf3+ 25. gxf3 Ra6 26. Rd2 Rg6+ 27.
Kh1 Qe5 28. Qd1 Qb8 29. Rff2 Qa7 30. Be7 Re8 31. Rd8 Kf7 32. Rxe8 Kxe8 33. Qe1
Re6 0-1

[Event "Victoria Summer Quad"]
[Site "Victoria CAN"]
[Date "2003.07.12"]
[Round "2.1"]
[White "Kostadinov, Georgi"]
[Black "Moore, Harry"]
[Result "1-0"]
[WhiteElo "2202"]
[BlackElo "2278"]
[PlyCount "79"]
[EventDate "2003.07.11"]
[EventType "tourn"]
[EventRounds "6"]
[EventCountry "CAN"]

1. d4 b6 2. e4 Bb7 3. Nc3 e6 4. a3 Nf6 5. d5 exd5 6. exd5 Bd6 7. Bg5 O-O 8. Qd2
h6 9. Bh4 Qe8+ 10. Nge2 Ne4 11. Qe3 Nxc3 12. Nxc3 Bf4 13. Qe2 Qc8 14. Qf3 Re8+
15. Ne2 Be5 16. O-O-O c6 17. Nf4 cxd5 18. Nxd5 Nc6 19. Qg4 Kh8 20. Bd3 Nd4 21.
Ne7 Qc5 22. Ng6+ Kg8 23. Nxe5 Qxe5 24. f4 Qd5 25. Bf2 Rac8 26. Bxd4 Qxg2 27.
Qxg2 Bxg2 28. Rhg1 Be4 29. Rxg7+ Kf8 30. Bxe4 Rxe4 31. Rdg1 Rc6 32. Be5 Re2 33.
c3 Rxh2 34. f5 Rh5 35. f6 Rg5 36. R1xg5 hxg5 37. Rxg5 d6 38. Bd4 Ke8 39. Rg8+
Kd7 40. Rf8 1-0

[Event "Victoria Summer Quad"]
[Site "Victoria CAN"]
[Date "2003.07.13"]
[Round "2.2"]
[White "Aquino, Manfrei"]
[Black "Leblanc, Paul"]
[Result "1/2-1/2"]
[WhiteElo "1993"]
[BlackElo "1999"]
[PlyCount "77"]
[EventDate "2003.07.11"]
[EventType "tourn"]
[EventRounds "6"]
[EventCountry "CAN"]

1. c4 c6 2. f4 d5 3. e3 g6 4. d4 Bg7 5. Nf3 Nf6 6. Nc3 O-O 7. cxd5 cxd5 8. Bd3
Nc6 9. a3 a5 10. O-O Bd7 11. Ne5 e6 12. Qf3 Ne8 13. Bd2 f6 14. Nxd7 Qxd7 15.
Qh3 f5 16. Rac1 Nd6 17. Na4 Qe7 18. Rc2 Ne4 19. Bxe4 dxe4 20. Rfc1 g5 21. g3
gxf4 22. gxf4 Rf6 23. Bc3 Rh6 24. Qf1 Qh4 25. Rg2 Ne7 26. d5 Rg6 27. Rxg6 hxg6
28. Bxg7 Kxg7 29. d6 Nd5 30. Qf2 Qh3 31. Qg3 Qxg3+ 32. hxg3 Rd8 33. Nc5 Rxd6
34. Nxb7 Rb6 35. Nc5 Rxb2 36. Kf1 Rh2 37. Kg1 Re2 38. Kf1 Rh2 39. Kg1 1/2-1/2

[Event "Victoria Summer Quad"]
[Site "Victoria CAN"]
[Date "2003.07.13"]
[Round "3.1"]
[White "Leblanc, Paul"]
[Black "Kostadinov, Georgi"]
[Result "0-1"]
[WhiteElo "1999"]
[BlackElo "2202"]
[PlyCount "70"]
[EventDate "2003.07.11"]
[EventType "tourn"]
[EventRounds "6"]
[EventCountry "CAN"]

1. d4 c5 2. c3 d5 3. Nf3 Nc6 4. e3 Nf6 5. Nbd2 e6 6. Bd3 Bd6 7. O-O e5 8. dxe5
Nxe5 9. Nxe5 Bxe5 10. e4 O-O 11. f4 Bc7 12. e5 Ng4 13. Nf3 c4 14. Bc2 Bb6+ 15.
Nd4 f6 16. exf6 Nxf6 17. Kh1 Bg4 18. Qe1 Re8 19. Qh4 Bxd4 20. cxd4 Be2 21. Re1
Qa5 22. Bd1 Bxd1 23. Rxd1 Re2 24. f5 Rae8 25. Bf4 R8e4 26. h3 h6 27. a3 b5 28.
Rab1 Qb6 29. Kh2 Rxd4 30. Re1 Ree4 31. Rxe4 Rxe4 32. Re1 Qd4 33. Rxe4 Qxe4 34.
Bg3 d4 35. Qxe4 Nxe4 0-1

[Event "Victoria Summer Quad"]
[Site "Victoria CAN"]
[Date "2003.07.12"]
[Round "3.2"]
[White "Moore, Harry"]
[Black "Aquino, Manfrei"]
[Result "1-0"]
[WhiteElo "2278"]
[BlackElo "1993"]
[PlyCount "33"]
[EventDate "2003.07.11"]
[EventType "tourn"]
[EventRounds "6"]
[EventCountry "CAN"]

1. e4 e5 2. Nc3 Nf6 3. Bc4 Be7 4. d3 c6 5. f4 exf4 6. e5 Nd5 7. Bxd5 cxd5 8.
Bxf4 d4 9. Ne4 O-O 10. Qh5 Re8 11. O-O-O Qa5 12. Nf3 Qd5 13. Neg5 h6 14. e6
Bxg5 15. Qxf7+ Kh7 16. Nxg5+ hxg5 17. Qh5+ 1-0

[Event "Weekend Before Christmas"]
[Site "Edmonton CAN"]
[Date "2003.12.20"]
[Round "1"]
[White "Gardner, Robert"]
[Black "Gluckie, Jamin"]
[Result "1-0"]
[WhiteElo "2247"]
[BlackElo "1789"]
[PlyCount "75"]
[EventDate "2003.12.20"]
[EventType "swiss"]
[EventRounds "5"]
[EventCountry "CAN"]
[SourceDate "2003.08.17"]

1. d4 d5 2. c4 c6 3. Nc3 Nf6 4. e3 e6 5. f4 Bd6 6. Nf3 Nbd7 7. Bd3 dxc4 8. Bxc4
b5 9. Bd3 Bb7 10. e4 b4 11. Ne2 Be7 12. Be3 O-O 13. O-O c5 14. Qb1 cxd4 15.
Bxd4 Nc5 16. e5 Nfe4 17. Bc2 Qc7 18. Kh1 g6 19. Qe1 Nd7 20. Rc1 Qa5 21. a3 Nb6
22. Neg1 Qd5 23. axb4 Rfc8 24. b3 Rxc2 25. Rxc2 Ba6 26. Ne2 Qxb3 27. Rb2 Qa3
28. Qa1 Qd3 29. Qb1 Nd5 30. b5 Bxb5 31. Rxb5 Qxe2 32. Rb2 Qc4 33. Rc1 Nec3 34.
Bxc3 Nxc3 35. Rb3 Nxb1 36. Rxc4 Na3 37. Rc7 Bf8 38. Ng5 1-0

[Event "Weekend Before Christmas"]
[Site "Edmonton CAN"]
[Date "2003.12.20"]
[Round "2"]
[White "Asquith, Tom"]
[Black "Baser, Arthur"]
[Result "1-0"]
[WhiteElo "1666"]
[BlackElo "1415"]
[PlyCount "53"]
[EventDate "2003.12.20"]
[EventType "swiss"]
[EventRounds "5"]
[EventCountry "CAN"]
[SourceDate "2003.08.17"]

1. d4 f5 2. Bg5 d6 3. Nc3 Nd7 4. e4 fxe4 5. f3 e3 6. Bc4 Ngf6 7. Bxe3 d5 8.
Nxd5 Nxd5 9. Bxd5 Nb6 10. Bb3 Nd5 11. Bf2 e6 12. Qd2 Be7 13. Nh3 O-O 14. O-O-O
Kh8 15. Rhe1 Nf4 16. Nxf4 Rxf4 17. Bxe6 Bxe6 18. Rxe6 Bf6 19. Qxf4 Bg5 20. Re8+
Qxe8 21. Qxg5 Qe2 22. Qd2 Qa6 23. a3 Re8 24. Re1 Rxe1+ 25. Qxe1 h6 26. Kb1 Qc4
27. Be3 1-0

[Event "Weekend Before Christmas"]
[Site "Edmonton CAN"]
[Date "2003.12.20"]
[Round "2"]
[White "Kazakevich, Anastasia"]
[Black "Gardner, Robert"]
[Result "0-1"]
[WhiteElo "1853"]
[BlackElo "2247"]
[PlyCount "108"]
[EventDate "2003.12.20"]
[EventType "swiss"]
[EventRounds "5"]
[EventCountry "CAN"]
[SourceDate "2003.08.17"]

1. d4 Nf6 2. c4 c5 3. d5 b5 4. cxb5 a6 5. b6 d6 6. Nc3 Nbd7 7. e4 g6 8. Nf3 Bg7
9. Be2 O-O 10. O-O Qxb6 11. Qc2 Ne8 12. Be3 Nc7 13. Rab1 a5 14. Qd2 Ba6 15.
Bxa6 Qxa6 16. Bh6 Rab8 17. Bxg7 Kxg7 18. Rfe1 f6 19. b3 Ne5 20. Nxe5 fxe5 21.
Re3 Nb5 22. Nxb5 Qxb5 23. Rc1 a4 24. Qd3 Qxd3 25. Rxd3 Rb4 26. f3 Ra8 27. Re3
axb3 28. axb3 Ra2 29. h3 Rd4 30. Kh2 Rdd2 31. Rg1 Rdb2 32. Kg3 Ra3 33. Rc1
Raxb3 34. Rxb3 Rxb3 35. Rc2 Kf6 36. Kf2 e6 37. dxe6 Kxe6 38. g3 Kd7 39. h4 Kc6
40. g4 Rb4 41. Kg3 c4 42. h5 gxh5 43. gxh5 Kc5 44. Kg4 Rb3 45. f4 exf4 46. Kxf4
c3 47. e5 dxe5+ 48. Kxe5 Kc4 49. Rg2 Rb5+ 50. Ke4 Rxh5 51. Ke3 Kb3 52. Rg8 c2
53. Rc8 Rh1 54. Kd2 Rd1+ 0-1

[Event "Weekend Before Christmas"]
[Site "Edmonton CAN"]
[Date "2003.12.20"]
[Round "3"]
[White "Gardner, Robert"]
[Black "Wong, Ford"]
[Result "1-0"]
[WhiteElo "2247"]
[BlackElo "1917"]
[PlyCount "61"]
[EventDate "2003.12.20"]
[EventType "swiss"]
[EventRounds "5"]
[EventCountry "CAN"]
[SourceDate "2003.08.17"]

1. e4 g6 2. d4 Bg7 3. g3 d5 4. e5 c5 5. c3 Nc6 6. Bg2 cxd4 7. cxd4 Nh6 8. Nc3
Be6 9. Nge2 O-O 10. O-O Qd7 11. Be3 Nf5 12. Nf4 Bh6 13. Nfxd5 Nxe3 14. fxe3 a5
15. Nf4 Bxf4 16. gxf4 Bh3 17. Bxh3 Qxh3 18. Rf3 Qg4+ 19. Kh1 e6 20. Ne4 Qh4 21.
Nf6+ Kh8 22. Qf1 Qh6 23. Rh3 Qg7 24. Rxh7+ Qxh7 25. Nxh7 Kxh7 26. Qh3+ Kg7 27.
Qh4 Rae8 28. Qf6+ Kg8 29. Rg1 Ne7 30. e4 Kh7 31. Rg3 1-0

[Event "Weekend Before Christmas"]
[Site "Edmonton CAN"]
[Date "2003.12.20"]
[Round "3"]
[White "Pua, Richard"]
[Black "Asquith, Tom"]
[Result "1/2-1/2"]
[WhiteElo "1815"]
[BlackElo "1666"]
[PlyCount "77"]
[EventDate "2003.12.20"]
[EventType "swiss"]
[EventRounds "5"]
[EventCountry "CAN"]
[SourceDate "2003.08.17"]

1. d4 d5 2. c4 c6 3. Nf3 dxc4 4. Nc3 Nf6 5. a4 Bf5 6. e3 e6 7. Bxc4 Nbd7 8. O-O
Qc7 9. Bd3 Bg6 10. e4 Bh5 11. e5 Nd5 12. Re1 Be7 13. Bd2 Nb4 14. Bb1 Nb6 15.
Qe2 O-O-O 16. a5 N6d5 17. Rc1 Kb8 18. Be4 f5 19. Bxd5 Nxd5 20. a6 b6 21. Nxd5
Rxd5 22. Bc3 c5 23. dxc5 Rxc5 24. Qe3 Bxf3 25. Qxf3 h6 26. Rd1 Qc6 27. Qxc6
Rxc6 28. Rd7 Rc7 29. Rad1 Rhc8 30. Kf1 g5 31. Ke2 Bf8 32. f3 h5 33. g3 Be7 34.
f4 g4 35. R1d3 Ka8 36. Kf1 Kb8 37. Ke2 Ka8 38. Kf1 Kb8 39. Ke2 1/2-1/2

[Event "Weekend Before Christmas"]
[Site "Edmonton CAN"]
[Date "2003.12.21"]
[Round "4"]
[White "Asquith, Tom"]
[Black "Dean, Tim"]
[Result "0-1"]
[WhiteElo "1666"]
[BlackElo "1835"]
[PlyCount "60"]
[EventDate "2003.12.20"]
[EventType "swiss"]
[EventRounds "5"]
[EventCountry "CAN"]
[SourceDate "2003.08.17"]

1. d4 Nf6 2. Nf3 d5 3. Bg5 e6 4. e3 Be7 5. Nbd2 c5 6. c3 Nc6 7. Qa4 O-O 8. Ne5
Nxe5 9. dxe5 Nd7 10. Bxe7 Qxe7 11. f4 Qh4+ 12. g3 Qh6 13. O-O-O a6 14. g4 Qh4
15. h3 b5 16. Bxb5 Nb6 17. Qa5 axb5 18. Qxb6 b4 19. Qxc5 bxc3 20. Qxc3 Rxa2 21.
Kb1 Ra8 22. Nb3 Ba6 23. Qd4 Be2 24. Rc1 Bf3 25. Rh2 Be4+ 26. Rcc2 Qe1+ 27. Nc1
Qa5 28. b4 Rfb8 29. Nd3 Bxd3 30. Qxd3 Qa1# 0-1

[Event "Weekend Before Christmas"]
[Site "Edmonton CAN"]
[Date "2003.12.21"]
[Round "4"]
[White "Hughey, Micah"]
[Black "Gardner, Robert"]
[Result "0-1"]
[WhiteElo "2008"]
[BlackElo "2247"]
[PlyCount "48"]
[EventDate "2003.12.20"]
[EventType "swiss"]
[EventRounds "5"]
[EventCountry "CAN"]
[SourceDate "2003.08.17"]

1. e4 c5 2. c3 Nf6 3. e5 Nd5 4. d4 cxd4 5. Nf3 Nc6 6. Bc4 Nb6 7. Bb3 d5 8. exd6
e6 9. cxd4 Bxd6 10. Nc3 O-O 11. O-O Nb4 12. Re1 N4d5 13. Ne4 Bf4 14. g3 Bxc1
15. Rxc1 Nf6 16. Nxf6+ Qxf6 17. Rc7 Nd5 18. Bxd5 exd5 19. Ree7 Bg4 20. Kg2 Rac8
21. Rxb7 Rc1 22. Qd3 Bxf3+ 23. Qxf3 Rg1+ 24. Kxg1 Qxf3 0-1

[Event "Weekend Before Christmas"]
[Site "Edmonton CAN"]
[Date "2003.12.21"]
[Round "5"]
[White "Gardner, Robert"]
[Black "Boik, Andrew"]
[Result "1-0"]
[WhiteElo "2247"]
[BlackElo "1979"]
[PlyCount "51"]
[EventDate "2003.12.20"]
[EventType "swiss"]
[EventRounds "5"]
[EventCountry "CAN"]
[SourceDate "2003.08.17"]

1. e4 c5 2. Nf3 d6 3. d4 cxd4 4. Nxd4 Nf6 5. Nc3 a6 6. Be2 e6 7. O-O Be7 8. f4
Qc7 9. Bf3 Nc6 10. Be3 Bd7 11. Kh1 O-O 12. Qe1 Rfd8 13. Rd1 Na5 14. f5 e5 15.
Nde2 Nc4 16. Bc1 Bc6 17. g4 b5 18. g5 Nd7 19. Nd5 Bxd5 20. exd5 Nc5 21. f6 Bf8
22. b4 Na4 23. fxg7 Bxg7 24. Be4 Rf8 25. Qh4 f5 26. gxf6 1-0

[Event "Weekend Before Christmas"]
[Site "Edmonton CAN"]
[Date "2003.12.21"]
[Round "5"]
[White "Gluckie, Jamin"]
[Black "Asquith, Tom"]
[Result "0-1"]
[WhiteElo "1789"]
[BlackElo "1666"]
[PlyCount "39"]
[EventDate "2003.12.20"]
[EventType "swiss"]
[EventRounds "5"]
[EventCountry "CAN"]
[SourceDate "2003.08.17"]

1. d4 Nf6 2. c4 e6 3. Nc3 c5 4. d5 exd5 5. cxd5 d6 6. e4 g6 7. f4 Bg7 8. Nf3
O-O 9. Be2 Re8 10. e5 dxe5 11. fxe5 Ng4 12. Bg5 Qb6 13. O-O Nxe5 14. d6 Qxb2
15. Nd5 Nxf3+ 16. Bxf3 Na6 17. Rb1 Qxa2 18. Ne7+ Kh8 19. Bd5 Qa4 20. Qxa4 0-1

[Event "Winnipeg op"]
[Site "Winnipeg CAN"]
[Date "2003.06.20"]
[Round "1"]
[White "Clory, Ron"]
[Black "Anderson, George"]
[Result "1-0"]
[WhiteElo "1693"]
[BlackElo "1524"]
[PlyCount "87"]
[EventDate "2003.06.20"]
[EventType "swiss"]
[EventRounds "5"]
[EventCountry "CAN"]

1. Nf3 b5 2. d3 c5 3. g3 Bb7 4. Bg2 b4 5. O-O a5 6. c4 Nc6 7. Nbd2 Rb8 8. b3
Nf6 9. Bb2 d6 10. e3 e5 11. d4 cxd4 12. exd4 e4 13. Re1 Be7 14. Nxe4 Nxe4 15.
Rxe4 Ne5 16. d5 Bf6 17. Nxe5 dxe5 18. Bxe5 O-O 19. Bxf6 Qxf6 20. Qd4 Qxd4 21.
Rxd4 Rfe8 22. Re4 Kf8 23. Rae1 Rbd8 24. Rxe8+ Rxe8 25. Rxe8+ Kxe8 26. f4 Kd7
27. Kf2 Kd6 28. Ke3 Kc5 29. Ke4 Bc8 30. Bf3 f6 31. h4 g6 32. g4 f5+ 33. gxf5
Bxf5+ 34. Ke5 Kb6 35. Kd6 Bb1 36. Ke7 Bf5 37. d6 Kc5 38. d7 Bxd7 39. Kxd7 Kd4
40. h5 Kc3 41. hxg6 hxg6 42. c5 Kb2 43. c6 Kxa2 44. Bd5 1-0

[Event "Winnipeg op"]
[Site "Winnipeg CAN"]
[Date "2003.06.20"]
[Round "1"]
[White "Gannon, Keith"]
[Black "Rutter, Blair"]
[Result "1-0"]
[WhiteElo "1550"]
[BlackElo "1757"]
[PlyCount "209"]
[EventDate "2003.06.20"]
[EventType "swiss"]
[EventRounds "5"]
[EventCountry "CAN"]

1. e4 e6 2. Nc3 c5 3. Nf3 Nc6 4. d4 cxd4 5. Nxd4 Qb6 6. Nb3 Nf6 7. Be3 Qd8 8.
Be2 Be7 9. O-O O-O 10. a3 b6 11. Re1 Bb7 12. Bd3 Rc8 13. Qd2 Qc7 14. Nb5 Qb8
15. Bf4 e5 16. Be3 Nd8 17. f3 Ne6 18. Rac1 Rfd8 19. c4 Rc6 20. Nc3 Nc7 21. Nd5
Ncxd5 22. cxd5 Rxc1 23. Rxc1 d6 24. Qe1 Bc8 25. Nd2 Bd7 26. b4 Qb7 27. b5 h6
28. a4 Nh7 29. Nf1 Rf8 30. Ng3 Bh4 31. Bf2 g6 32. Nf1 Be7 33. h3 Kg7 34. Ne3
Bg5 35. Rc2 Be7 36. Nc4 f5 37. Qc1 fxe4 38. fxe4 Nf6 39. Be3 g5 40. Rf2 Kg6 41.
Qb2 Kg7 42. Qa2 Rc8 43. Rc2 Ra8 44. Nd2 Nh5 45. Nb3 Qb8 46. Qa1 Nf4 47. Bf1 Qf8
48. Rf2 Rc8 49. Kh2 Qe8 50. Bxf4 gxf4 51. Rxf4 Bg5 52. Rf3 Kh7 53. Qe1 Qh5 54.
Qf2 Be8 55. g3 Qg6 56. Rf5 Qg7 57. Rf8 Bf4 58. Rf5 Bxg3+ 59. Qxg3 Qxg3+ 60.
Kxg3 Rc3+ 61. Rf3 Rc7 62. Kh2 Kg7 63. Rg3+ Kf6 64. a5 Bg6 65. axb6 axb6 66. Re3
Bh5 67. Kg3 Rc2 68. h4 Rb2 69. Bh3 Bd1 70. Nc1 Rxb5 71. Ne2 Rb2 72. Rf3+ Ke7
73. Bf1 Bxe2 74. Bxe2 Rxe2 75. Rb3 Rxe4 76. Rxb6 Rd4 77. Rb7+ Kf6 78. Rh7 Kg6
79. Rd7 Rxd5 80. Rd8 e4 81. Kf4 Rd4 82. Ke3 Rd1 83. Kxe4 Kh5 84. Ra8 Kxh4 85.
Ra4 Kg3 86. Ra3+ Kf2 87. Rh3 d5+ 88. Ke5 d4 89. Rxh6 d3 90. Rd6 Ke2 91. Kd4 Kd2
92. Ra6 Rc1 93. Ra2+ Rc2 94. Ra7 Rc3 95. Ra2+ Rc2 96. Ra7 Ke2 97. Re7+ Kd2 98.
Rh7 Rc3 99. Rh2+ Ke1 100. Kxc3 Kf1 101. Kxd3 Kg1 102. Rb2 Kf1 103. Ke3 Kg1 104.
Kf3 Kf1 105. Rb1# 1-0

[Event "Winnipeg op"]
[Site "Winnipeg CAN"]
[Date "2003.06.20"]
[Round "1"]
[White "Khedkar, Jay"]
[Black "Hogeveen Rutter, Alexander"]
[Result "1-0"]
[WhiteElo "1963"]
[BlackElo "1611"]
[PlyCount "61"]
[EventDate "2003.06.20"]
[EventType "swiss"]
[EventRounds "5"]
[EventCountry "CAN"]

1. e4 c5 2. Nf3 Nc6 3. Nc3 a6 4. d4 cxd4 5. Nxd4 g6 6. Be3 Bg7 7. Be2 d6 8. O-O
Nf6 9. f4 O-O 10. Qd2 Qa5 11. Bf3 Qb4 12. Nxc6 bxc6 13. e5 Ng4 14. a3 Qb7 15.
Bxg4 Bxg4 16. exd6 exd6 17. Bd4 Bxd4+ 18. Qxd4 Qxb2 19. Rfb1 Qxc2 20. Ra2 Qf5
21. h3 Bxh3 22. gxh3 Qxh3 23. Rh2 Qg3+ 24. Rg2 Qh3 25. Ne4 Rfd8 26. Nf6+ Kf8
27. Nxh7+ Kg8 28. Ng5 Qxa3 29. Rh2 Kf8 30. Rh8+ Ke7 31. Rb7+ 1-0

[Event "Winnipeg op"]
[Site "Winnipeg CAN"]
[Date "2003.06.20"]
[Round "1"]
[White "Nair, Krishnan"]
[Black "Gibbons, Lorne"]
[Result "1-0"]
[WhiteElo "1188"]
[BlackElo "1359"]
[PlyCount "58"]
[EventDate "2003.06.20"]
[EventType "swiss"]
[EventRounds "5"]
[EventCountry "CAN"]

1. e4 e5 2. Nf3 Nc6 3. Bb5 Nge7 4. d3 a6 5. Bxc6 Nxc6 6. O-O Bc5 7. Nc3 d6 8.
Nd5 h6 9. Qe2 Be6 10. Be3 Ba7 11. Bxa7 Rxa7 12. Qe3 b6 13. a3 Rb7 14. b4 Na7
15. c4 c6 16. Nc3 f6 17. c5 bxc5 18. bxc5 d5 19. d4 Rb3 20. Rab1 Qb8 21. exd5
Bxd5 22. dxe5 Bxf3 23. exf6+ Kd8 24. Qe7+ Kc8 25. gxf3 gxf6 26. Qe6+ Kc7 27.
Qd6+ Kc8 28. Qxb8+ Kxb8 29. Rxb3+ Ka8 1-0

[Event "Winnipeg op"]
[Site "Winnipeg CAN"]
[Date "2003.06.20"]
[Round "1"]
[White "Zaczek, Jonathan"]
[Black "Vincent, Trevor"]
[Result "0-1"]
[WhiteElo "1638"]
[BlackElo "1981"]
[PlyCount "43"]
[EventDate "2003.06.20"]
[EventType "swiss"]
[EventRounds "5"]
[EventCountry "CAN"]

1. e4 c5 2. Nf3 Nc6 3. Bb5 g6 4. Bxc6 bxc6 5. d3 Bg7 6. O-O Nf6 7. c4 O-O 8.
Nc3 d6 9. h3 Rb8 10. Qc2 Nh5 11. Nh2 e5 12. Ne2 Be6 13. b3 f5 14. exf5 gxf5 15.
Bb2 f4 16. Nf3 Qd7 17. Kh2 Rf6 18. Ng5 f3 19. Nxf3 Bxh3 20. Nxe5 dxe5 21. gxh3
Rf3 22. Ng3 0-1

[Event "Winnipeg op"]
[Site "Winnipeg CAN"]
[Date "2003.06.21"]
[Round "2"]
[White "Anderson, George"]
[Black "Zaczek, Jonathan"]
[Result "0-1"]
[WhiteElo "1524"]
[BlackElo "1638"]
[PlyCount "70"]
[EventDate "2003.06.20"]
[EventType "swiss"]
[EventRounds "5"]
[EventCountry "CAN"]

1. b4 d5 2. Bb2 Bf5 3. b5 a6 4. a4 c5 5. e3 axb5 6. axb5 Rxa1 7. Bxa1 Nf6 8. c4
e6 9. Nc3 Be7 10. Nf3 Nbd7 11. Nh4 Bg6 12. Nxg6 fxg6 13. Bd3 Ne5 14. Qc2 dxc4
15. Be4 Nd3+ 16. Bxd3 Qxd3 17. Qxd3 cxd3 18. O-O O-O 19. f3 Nd7 20. Rc1 Ra8 21.
Bb2 Bf6 22. Ra1 Rxa1+ 23. Bxa1 Nb6 24. Kf2 Kf7 25. Bb2 Nc4 26. Bc1 Ke7 27. Ke1
Kd7 28. g3 Kc7 29. f4 Bxc3 30. dxc3 Kb6 31. g4 Kxb5 32. e4 Ka4 33. f5 gxf5 34.
exf5 exf5 35. gxf5 Kb3 0-1

[Event "Winnipeg op"]
[Site "Winnipeg CAN"]
[Date "2003.06.21"]
[Round "2"]
[White "Hogeveen Rutter, Alexander"]
[Black "Gibbons, Lorne"]
[Result "1-0"]
[WhiteElo "1611"]
[BlackElo "1359"]
[PlyCount "35"]
[EventDate "2003.06.20"]
[EventType "swiss"]
[EventRounds "5"]
[EventCountry "CAN"]

1. e4 e5 2. Nf3 Nc6 3. Bb5 Nge7 4. d3 a6 5. Ba4 b5 6. Bb3 Na5 7. O-O Nxb3 8.
axb3 f6 9. Nc3 Bb7 10. Be3 d6 11. h3 c5 12. Nd2 a5 13. Nxb5 Bc6 14. Na3 a4 15.
Nac4 axb3 16. Rxa8 Qxa8 17. Nxb3 Bxe4 18. Nxd6+ 1-0

[Event "Winnipeg op"]
[Site "Winnipeg CAN"]
[Date "2003.06.21"]
[Round "2"]
[White "Rutter, Blair"]
[Black "Nair, Krishnan"]
[Result "1-0"]
[WhiteElo "1757"]
[BlackElo "1188"]
[PlyCount "81"]
[EventDate "2003.06.20"]
[EventType "swiss"]
[EventRounds "5"]
[EventCountry "CAN"]

1. d4 d5 2. c4 Nf6 3. Nc3 e6 4. a3 Be7 5. Nf3 b6 6. b4 a6 7. h3 O-O 8. Bf4 Nh5
9. Bh2 Bd6 10. Be5 f6 11. Bxd6 Qxd6 12. e3 g6 13. Be2 Ng7 14. Nd2 f5 15. cxd5
exd5 16. Nxd5 c6 17. Nxb6 Ra7 18. O-O Be6 19. Rc1 Rb7 20. Na4 Kh8 21. Nc5 Rbf7
22. Nxa6 Nxa6 23. Bxa6 c5 24. Bc4 cxd4 25. exd4 Qxd4 26. Nf3 Qb2 27. Bxe6 Nxe6
28. Qd3 Nf4 29. Qd4+ Qxd4 30. Nxd4 Rd7 31. Rc4 Rfd8 32. Nc6 Ne2+ 33. Kh2 Rc8
34. b5 Rd6 35. Re1 Re8 36. Nd4 Re4 37. Rc8+ Kg7 38. Nxe2 Kh6 39. Rcc1 f4 40.
Nc3 Red4 41. Red1 1-0